000 00841nam a2200277 i 4500
003 EG-GICUC
005 20260504142334.0
008 260504s1911 enk |fr|||| 000 0 eng d
040 _aEG-GiCUC
_beng
_cEG-GiCUC
_dEG-GiCUC
_erda
041 1 _aeng
082 0 4 _221
_a345.32311
_bLU . C
092 0 4 _221
099 _aLaw 07 342.041 LU . C 1911
100 1 _aLucas, W..
_eAuthor.
245 1 0 _aCorporate Nature Of English Sovereignty /
_c By W. W. Lucas, B.A.
264 1 _aLondon:
_bJordan & Chancery Lane,
_c1911.
300 _a90 pages,
_c24 cm.
336 _2rda content
_atext
337 _2rda media
_aComputer
338 _2rda carrier
_aOnline Resource
546 _aText in English
650 1 4 _aAdministrative Law
856 4 0 _uhttps://fll.law.cu.edu.eg/fulltext/bks/B07-06242.pdf
905 _a64
942 _2ddc
_cBK
_e21
_n0
999 _c75502
_d75502